[Event "5MCR_4D_1L_1S"]
[Site "?"]
[Date "2002.??.??"]
[Round "?"]
[White "Boukal, Petr"]
[Black "Hala, Martin"]
[Result "1/2-1/2"]
[WhiteElo "2435"]
[BlackElo "2405"]
[PlyCount "48"]
[EventDate "2002.??.??"]
[EventType "corr"]
[SourceDate "2004.??.??"]

1. e4 e5 2. Nf3 Nc6 3. Bb5 f5 4. Nc3 fxe4 5. Nxe4 d5 6. Nxe5 dxe4 7. Nxc6 Qg5
8. Qe2 Nf6 9. f4 Qxf4 10. Ne5+ c6 11. d4 Qh4+ 12. g3 Qh3 13. Bc4 Be6 14. Bg5
O-O-O 15. O-O-O Bd6 16. Nf7 Bxf7 17. Bxf7 Rhf8 18. Bc4 Rde8 19. Rhf1 h6 20. Bd2
Kb8 21. Rde1 Re7 22. Qf2 Rfe8 23. Be3 Nd5 24. Kb1 Bc7 1/2-1/2

[Event "5MCR_4D_1L_1S"]
[Site "?"]
[Date "2002.??.??"]
[Round "?"]
[White "Boukal, Petr"]
[Black "Hlavac, Frantisek"]
[Result "1/2-1/2"]
[WhiteElo "2435"]
[BlackElo "2405"]
[PlyCount "85"]
[EventDate "2002.??.??"]
[EventType "corr"]
[SourceDate "2004.??.??"]

1. e4 e5 2. Nf3 Nf6 3. Nxe5 d6 4. Nf3 Nxe4 5. d4 d5 6. Bd3 Be7 7. O-O Nc6 8. c4
Nb4 9. Be2 O-O 10. Nc3 Be6 11. Ne5 c5 12. Nxe4 dxe4 13. d5 Bf5 14. a3 Na6 15.
Qb3 Qc7 16. f4 f6 17. Ng4 Bxg4 18. Bxg4 f5 19. Be2 Bf6 20. Rb1 Bd4+ 21. Kh1 Rf6
22. Bd2 Qe7 23. Qh3 Raf8 24. b4 Rh6 25. Qb3 Rff6 26. h3 b6 27. Bc3 Rfg6 28. Kh2
Nb8 29. Rbd1 Bxc3 30. Qxc3 Nd7 31. Rb1 Rd6 32. Bd1 Qd8 33. Ba4 Qc7 34. Bb5 Nf6
35. Rb3 Rd8 36. Kg1 Nd7 37. Qe3 Rc8 38. Bxd7 Qxd7 39. b5 Rg6 40. Rfb1 Qb7 41.
a4 a5 42. Qc3 Re8 43. Qe1 1/2-1/2

[Event "5MCR_4D_1L_1S"]
[Site "?"]
[Date "2002.??.??"]
[Round "?"]
[White "Boukal, Petr"]
[Black "Hostinsky, Jiri"]
[Result "1/2-1/2"]
[WhiteElo "2435"]
[BlackElo "2430"]
[PlyCount "75"]
[EventDate "2002.??.??"]
[EventType "corr"]
[SourceDate "2004.??.??"]

1. e4 c5 2. Nf3 Nc6 3. Bb5 d6 4. O-O Bd7 5. Re1 Nf6 6. c3 a6 7. Bf1 Bg4 8. d3
e6 9. Bg5 h6 10. Bf4 Be7 11. h3 Bh5 12. Nbd2 O-O 13. a4 b5 14. Qb3 b4 15. g4
Bg6 16. Nc4 Rb8 17. Qc2 Nd7 18. Bg2 Qc7 19. Bg3 Nde5 20. Nfd2 Nxc4 21. Nxc4 Ne5
22. Ne3 c4 23. Nxc4 Nxc4 24. dxc4 Qxc4 25. f4 f6 26. f5 Bf7 27. Bf2 e5 28. Rec1
bxc3 29. Qxc3 Qxc3 30. bxc3 Rfc8 31. Bf1 Bc4 32. Rab1 Bxf1 33. Kxf1 Kf7 34. Be1
Rxb1 35. Rxb1 Rc4 36. Rb4 d5 37. Rxc4 dxc4 38. Bf2 1/2-1/2

[Event "5MCR_4D_1L_1S"]
[Site "?"]
[Date "2002.??.??"]
[Round "?"]
[White "Boukal, Petr"]
[Black "Jandek, Stefan"]
[Result "1/2-1/2"]
[WhiteElo "2435"]
[BlackElo "2345"]
[PlyCount "77"]
[EventDate "2002.??.??"]
[EventType "corr"]
[SourceDate "2004.??.??"]

1. e4 c5 2. Nf3 d6 3. c3 Nf6 4. Bd3 Nc6 5. Bc2 Bg4 6. d3 e6 7. h3 Bh5 8. Nbd2
Be7 9. Nf1 d5 10. Ng3 Bg6 11. Nh4 Qc7 12. Nxg6 hxg6 13. Qe2 d4 14. Ba4 Nd7 15.
O-O Bf6 16. Bd2 a6 17. Bxc6 Qxc6 18. f4 Bh4 19. Qf3 Be7 20. cxd4 cxd4 21. Rfc1
Qb6 22. Rc2 Rd8 23. b4 g5 24. a3 gxf4 25. Bxf4 e5 26. Bd2 g6 27. Rf1 Qe6 28.
Rc7 Rb8 29. a4 Nb6 30. Qd1 Na8 31. Rc2 Nb6 32. Rc7 Na8 33. Rc1 b5 34. a5 Rb7
35. Qf3 Rc7 36. Rxc7 Nxc7 37. Nh1 Qa2 38. Bc1 Qe6 39. Bd2 1/2-1/2

[Event "5MCR_4D_1L_1S"]
[Site "?"]
[Date "2002.??.??"]
[Round "?"]
[White "Boukal, Petr"]
[Black "Satransky, Jaroslav"]
[Result "1-0"]
[WhiteElo "2435"]
[BlackElo "2260"]
[PlyCount "62"]
[EventDate "2002.??.??"]
[EventType "corr"]
[SourceDate "2004.??.??"]

1. e4 e5 2. Nf3 Nc6 3. d4 exd4 4. Nxd4 Bc5 5. Nxc6 Qf6 6. Qd2 dxc6 7. Nc3 Be6
8. Na4 Rd8 9. Bd3 Bd4 10. O-O Nh6 11. h3 a6 12. Qf4 Qg6 13. Qg5 Qxg5 14. Bxg5
f6 15. Bf4 b5 16. Nc3 Nf7 17. Bxc7 Rd7 18. Bf4 Ne5 19. Be2 Bc4 20. Rae1 Bxe2
21. Rxe2 Nc4 22. Bc1 Bxc3 23. bxc3 Ke7 24. f4 Kf7 25. Kf2 Re8 26. g4 a5 27. Kf3
a4 28. h4 g6 29. g5 Rd6 30. gxf6 Rxf6 31. Rd1 Rfe6 1-0

[Event "5MCR_4D_1L_1S"]
[Site "?"]
[Date "2002.??.??"]
[Round "?"]
[White "Boukal, Petr"]
[Black "Soucha, Stepan"]
[Result "1/2-1/2"]
[WhiteElo "2435"]
[BlackElo "2335"]
[PlyCount "64"]
[EventDate "2002.??.??"]
[EventType "corr"]
[SourceDate "2004.??.??"]

1. e4 e5 2. Nf3 Nc6 3. d4 exd4 4. Nxd4 Nf6 5. Nxc6 bxc6 6. e5 Qe7 7. Qe2 Nd5 8.
c4 Nb6 9. Nd2 d5 10. exd6 cxd6 11. b3 Bg4 12. f3 Be6 13. Bb2 d5 14. cxd5 Nxd5
15. Rc1 Rd8 16. a3 Nf4 17. Qe5 Bd5 18. Qxe7+ Bxe7 19. g3 Ne6 20. Bc4 O-O 21.
Bxd5 Rxd5 22. Rxc6 Bc5 23. Ne4 Rfd8 24. Ke2 Bd4 25. Rc2 f5 26. Nd2 Re5+ 27. Kf1
Re3 28. b4 g5 29. Bc1 Kf7 30. Nc4 Rxf3+ 31. Kg2 Rc3 32. Rxc3 Bxc3 1/2-1/2

[Event "5MCR_4D_1L_1S"]
[Site "?"]
[Date "2002.??.??"]
[Round "?"]
[White "Boukal, Petr"]
[Black "Svoboda, Frantisek"]
[Result "1/2-1/2"]
[WhiteElo "2435"]
[BlackElo "2420"]
[PlyCount "50"]
[EventDate "2002.??.??"]
[EventType "corr"]
[SourceDate "2004.??.??"]

1. e4 e6 2. d4 d5 3. Nd2 Nf6 4. e5 Nfd7 5. f4 c5 6. c3 Nc6 7. Ngf3 cxd4 8. cxd4
Qb6 9. Nb3 f6 10. Bd3 a5 11. a4 Bb4+ 12. Ke2 O-O 13. Be3 Ne7 14. Qc2 h6 15.
Rhc1 Qa7 16. Kf2 b6 17. Bd2 Bxd2 18. Nbxd2 fxe5 19. fxe5 Nb8 20. Qc7 Bd7 21.
Qd6 Nbc6 22. Kg1 Rad8 23. Qa3 Nb4 24. Rc3 Rc8 25. Bf1 Bc6 1/2-1/2

[Event "5MCR_4D_1L_1S"]
[Site "?"]
[Date "2002.??.??"]
[Round "?"]
[White "Hala, Martin"]
[Black "Hlavac, Frantisek"]
[Result "1/2-1/2"]
[WhiteElo "2405"]
[BlackElo "2405"]
[PlyCount "45"]
[EventDate "2002.??.??"]
[EventType "corr"]
[SourceDate "2004.??.??"]

1. e4 e5 2. Nf3 Nf6 3. Nxe5 d6 4. Nf3 Nxe4 5. d4 d5 6. Bd3 Be7 7. O-O Nc6 8. c4
Nf6 9. Nc3 O-O 10. h3 Nb4 11. Be2 dxc4 12. Bxc4 Bf5 13. a3 Nbd5 14. Re1 c6 15.
Bg5 Be6 16. Qd3 h6 17. Bxd5 Nxd5 18. Nxd5 Bxg5 19. Nxg5 Qxg5 20. Re5 Qh4 21.
Nc7 Rad8 22. Rd1 Ba2 23. Rd2 1/2-1/2

[Event "5MCR_4D_1L_1S"]
[Site "?"]
[Date "2002.??.??"]
[Round "?"]
[White "Hala, Martin"]
[Black "Hostinsky, Jiri"]
[Result "1-0"]
[WhiteElo "2405"]
[BlackElo "2430"]
[PlyCount "87"]
[EventDate "2002.??.??"]
[EventType "corr"]
[SourceDate "2004.??.??"]

1. e4 c5 2. Nf3 Nc6 3. d4 cxd4 4. Nxd4 Nf6 5. Nc3 d6 6. Bg5 e6 7. Qd2 a6 8.
O-O-O h6 9. Nxc6 bxc6 10. Bf4 d5 11. Qe3 Bb4 12. a3 Be7 13. Be2 O-O 14. h4 Nh7
15. Kb1 Re8 16. Qg3 Kh8 17. Bc7 Qd7 18. Na4 Bd8 19. Bd6 f6 20. Bd3 Be7 21. Bxe7
Qxe7 22. exd5 cxd5 23. Nb6 Ra7 24. Rhe1 Rb7 25. Nxc8 Qxa3 26. Bb5 Qb4 27. Nd6
Rxb5 28. b3 Rbb8 29. Nxe8 Rxe8 30. f4 Qc5 31. Qe3 Qc6 32. g4 a5 33. Rd4 e5 34.
Ra4 Nf8 35. fxe5 Ng6 36. e6 Nxh4 37. Qd3 Rxe6 38. Rxe6 Qxe6 39. Rd4 Kg8 40.
Rxd5 Ng6 41. Qf5 Qe1+ 42. Kb2 Ne7 43. Rd8+ Kf7 44. Qh5+ 1-0

[Event "5MCR_4D_1L_1S"]
[Site "?"]
[Date "2002.??.??"]
[Round "?"]
[White "Hala, Martin"]
[Black "Jandek, Stefan"]
[Result "0-1"]
[WhiteElo "2405"]
[BlackElo "2345"]
[PlyCount "58"]
[EventDate "2002.??.??"]
[EventType "corr"]
[SourceDate "2004.??.??"]

1. e4 c5 2. Nf3 d6 3. d4 cxd4 4. Nxd4 Nf6 5. Nc3 a6 6. Bg5 e6 7. f4 Qb6 8. Nb3
Nbd7 9. Be2 Be7 10. Qd2 h6 11. Bxf6 Nxf6 12. O-O-O Qc7 13. Kb1 b5 14. Bf3 Bb7
15. Qe3 b4 16. Ne2 O-O 17. g4 Rfc8 18. Rd2 Nd7 19. Rc1 e5 20. c3 exf4 21. Nxf4
Ne5 22. cxb4 Qd7 23. Rdd1 Rxc1+ 24. Nxc1 Bg5 25. Ncd3 Qe7 26. h4 Bxf4 27. Qxf4
Nxf3 28. Qxf3 Bxe4 29. Qg3 Bh7 0-1

[Event "5MCR_4D_1L_1S"]
[Site "?"]
[Date "2002.??.??"]
[Round "?"]
[White "Hala, Martin"]
[Black "Jerabek, Zdenek"]
[Result "1/2-1/2"]
[WhiteElo "2405"]
[BlackElo "2235"]
[PlyCount "60"]
[EventDate "2002.??.??"]
[EventType "corr"]
[SourceDate "2004.??.??"]

1. e4 c5 2. Nf3 d6 3. d4 cxd4 4. Nxd4 Nf6 5. Nc3 a6 6. Bg5 e6 7. f4 Qb6 8. Nb3
Be7 9. Be2 h6 10. Bxf6 Bxf6 11. Qd3 O-O 12. O-O-O Rd8 13. g4 Qc7 14. h4 Bxc3
15. bxc3 d5 16. e5 Bd7 17. g5 Bb5 18. Qe3 Bxe2 19. Qxe2 Nc6 20. Rdg1 Kh7 21.
Qh5 Rac8 22. g6+ fxg6 23. Qxg6+ Kh8 24. Nc5 Rg8 25. Nxe6 Nxe5 26. fxe5 Qxc3 27.
Ng5 Qa1+ 28. Kd2 Qc3+ 29. Ke2 Qxe5+ 30. Kd2 Qc3+ 1/2-1/2

[Event "5MCR_4D_1L_1S"]
[Site "?"]
[Date "2002.??.??"]
[Round "?"]
[White "Hala, Martin"]
[Black "Satransky, Jaroslav"]
[Result "1/2-1/2"]
[WhiteElo "2405"]
[BlackElo "2260"]
[PlyCount "65"]
[EventDate "2002.??.??"]
[EventType "corr"]
[SourceDate "2004.??.??"]

1. e4 e5 2. Nf3 Nc6 3. Bb5 a6 4. Ba4 Bc5 5. O-O b5 6. Bb3 d6 7. c3 Bg4 8. Bd5
Qd7 9. Bxc6 Qxc6 10. Nxe5 dxe5 11. Qxg4 Nf6 12. Qg3 O-O-O 13. d3 Bb6 14. Nd2
Kb7 15. a4 Qe6 16. axb5 axb5 17. b4 Nh5 18. Qf3 Nf4 19. d4 h5 20. Nb1 g5 21.
Bxf4 gxf4 22. d5 Qg4 23. Nd2 Rhg8 24. Kh1 c6 25. c4 Qxf3 26. gxf3 cxd5 27. cxd5
Rc8 28. Ra2 Rc3 29. Rg1 Rgc8 30. Rf1 Rg8 31. Rg1 Rgc8 32. Rf1 Rg8 33. Rg1
1/2-1/2

[Event "5MCR_4D_1L_1S"]
[Site "?"]
[Date "2002.??.??"]
[Round "?"]
[White "Hala, Martin"]
[Black "Svoboda, Frantisek"]
[Result "0-1"]
[WhiteElo "2405"]
[BlackElo "2420"]
[PlyCount "76"]
[EventDate "2002.??.??"]
[EventType "corr"]
[SourceDate "2004.??.??"]

1. e4 e6 2. d4 d5 3. e5 c5 4. c3 Nc6 5. Nf3 Qb6 6. a3 Bd7 7. b4 cxd4 8. cxd4
Rc8 9. Be3 Nh6 10. Bd3 Ng4 11. O-O Be7 12. Nbd2 Nxe3 13. fxe3 Nb8 14. Qe2 Ba4
15. h4 O-O 16. Rac1 Nd7 17. Ng5 Rxc1 18. Rxc1 h6 19. Nh7 Re8 20. g3 a6 21. Qh5
Nxe5 22. Qxe5 Bb5 23. Bb1 f5 24. Rc7 Kxh7 25. Bxf5+ exf5 26. Rxe7 Rxe7 27. Qxe7
Qc6 28. Qc5 Qg6 29. Kf2 Qg4 30. Nf3 Bc4 31. Qc8 Qh3 32. g4 Qxg4 33. Qc7 Bd3 34.
Qg3 Qh5 35. Qf4 Be4 36. Nd2 Bc2 37. Nf3 Bd1 38. Ne5 Qe2+ 0-1

[Event "5MCR_4D_1L_1S"]
[Site "?"]
[Date "2002.??.??"]
[Round "?"]
[White "Hala, Martin"]
[Black "Zpevak, Pavel"]
[Result "1/2-1/2"]
[WhiteElo "2405"]
[BlackElo "2400"]
[PlyCount "55"]
[EventDate "2002.??.??"]
[EventType "corr"]
[SourceDate "2004.??.??"]

1. e4 c5 2. Nf3 e6 3. d4 cxd4 4. Nxd4 a6 5. Bd3 Nf6 6. O-O Qc7 7. Qe2 d6 8. c4
g6 9. Nc3 Bg7 10. Nf3 O-O 11. Bf4 Nh5 12. Be3 Bxc3 13. bxc3 e5 14. Rab1 Nd7 15.
Rfd1 Nc5 16. Bc2 Be6 17. Nd4 Nf4 18. Bxf4 exf4 19. Rb4 Qe7 20. Nxe6 Qxe6 21.
Rb6 Rfd8 22. Rd5 Rac8 23. Qf3 Rc6 24. Rb1 Re8 25. Re1 f5 26. Qxf4 fxe4 27. Rd4
Rb6 28. f3 1/2-1/2

[Event "5MCR_4D_1L_1S"]
[Site "?"]
[Date "2002.??.??"]
[Round "?"]
[White "Hlavac, Frantisek"]
[Black "Hostinsky, Jiri"]
[Result "1-0"]
[WhiteElo "2405"]
[BlackElo "2430"]
[PlyCount "39"]
[EventDate "2002.??.??"]
[EventType "corr"]
[SourceDate "2004.??.??"]

1. e4 c5 2. Nf3 Nc6 3. d4 cxd4 4. Nxd4 Nf6 5. Nc3 d6 6. Bg5 e6 7. Qd2 a6 8.
O-O-O h6 9. Nxc6 bxc6 10. Bf4 d5 11. Qe3 Bb4 12. a3 Be7 13. Be2 O-O 14. h4 Nh7
15. g4 Bxh4 16. Kb1 Qe7 17. Bxh6 f5 18. gxf5 gxh6 19. Qxh6 Bf6 20. e5 1-0

[Event "5MCR_4D_1L_1S"]
[Site "?"]
[Date "2002.??.??"]
[Round "?"]
[White "Hlavac, Frantisek"]
[Black "Jedlicka, Ales"]
[Result "1/2-1/2"]
[WhiteElo "2405"]
[BlackElo "2270"]
[PlyCount "43"]
[EventDate "2002.??.??"]
[EventType "corr"]
[SourceDate "2004.??.??"]

1. e4 c5 2. Nf3 d6 3. d4 cxd4 4. Nxd4 Nf6 5. Nc3 a6 6. Bg5 e6 7. f4 Qb6 8. Nb3
Be7 9. Qf3 Nbd7 10. O-O-O Qc7 11. Bd3 b5 12. Rhe1 Bb7 13. Kb1 b4 14. Ne2 O-O
15. Qh3 Rfc8 16. Ned4 Nf8 17. Qg3 Nh5 18. Qh4 Nxf4 19. Qxf4 e5 20. Qf5 Bxg5 21.
Qxg5 exd4 22. Nxd4 1/2-1/2

[Event "5MCR_4D_1L_1S"]
[Site "?"]
[Date "2002.??.??"]
[Round "?"]
[White "Hlavac, Frantisek"]
[Black "Jerabek, Zdenek"]
[Result "1-0"]
[WhiteElo "2405"]
[BlackElo "2235"]
[PlyCount "75"]
[EventDate "2002.??.??"]
[EventType "corr"]
[SourceDate "2004.??.??"]

1. e4 c5 2. Nf3 d6 3. d4 cxd4 4. Nxd4 Nf6 5. Nc3 a6 6. Bg5 e6 7. f4 Qb6 8. Nb3
Be7 9. Qf3 Nbd7 10. O-O-O Qc7 11. Bd3 b5 12. Rhe1 b4 13. Ne2 Bb7 14. Kb1 Nc5
15. Nxc5 dxc5 16. c4 h6 17. Bxf6 Bxf6 18. Bc2 O-O 19. Ng3 Rad8 20. Nh5 Rxd1+
21. Qxd1 Bd4 22. e5 b3 23. axb3 Kh8 24. Qg4 g6 25. Nf6 a5 26. Rd1 Rb8 27. Rd3
Kg7 28. Rg3 Bf2 29. Bxg6 Bxg3 30. Bc2+ Kf8 31. Qxg3 Qd8 32. Qh3 Ke7 33. Qxh6
Qf8 34. Qh3 Bc6 35. f5 Kd8 36. fxe6 fxe6 37. Qxe6 Kc7 38. g4 1-0

[Event "5MCR_4D_1L_1S"]
[Site "?"]
[Date "2002.??.??"]
[Round "?"]
[White "Hlavac, Frantisek"]
[Black "Kolar, Pavel"]
[Result "1/2-1/2"]
[WhiteElo "2405"]
[BlackElo "2260"]
[PlyCount "48"]
[EventDate "2002.??.??"]
[EventType "corr"]
[SourceDate "2004.??.??"]

1. e4 e6 2. d4 d5 3. e5 c5 4. Nc3 Nc6 5. Nf3 cxd4 6. Nb5 Bc5 7. h4 Qb6 8. a3 a6
9. b4 axb5 10. bxc5 Qxc5 11. Bd3 f6 12. Bf4 fxe5 13. Bxe5 Nxe5 14. Nxe5 Nf6 15.
O-O O-O 16. h5 Nd7 17. Qe2 Qc7 18. f4 Nxe5 19. fxe5 Bd7 20. h6 g6 21. Rae1 Qc5
22. Qg4 Qxa3 23. Bxg6 Rxf1+ 24. Rxf1 Qe3+ 1/2-1/2

[Event "5MCR_4D_1L_1S"]
[Site "?"]
[Date "2002.??.??"]
[Round "?"]
[White "Hlavac, Frantisek"]
[Black "Rybak, Radek"]
[Result "1/2-1/2"]
[WhiteElo "2405"]
[BlackElo "2390"]
[PlyCount "50"]
[EventDate "2002.??.??"]
[EventType "corr"]
[SourceDate "2004.??.??"]

1. e4 e5 2. Nf3 Nc6 3. Bb5 a6 4. Ba4 Nf6 5. O-O Be7 6. Re1 b5 7. Bb3 O-O 8. a4
Bb7 9. d3 Re8 10. c3 h6 11. Nbd2 Bf8 12. Ba2 d5 13. exd5 Nxd5 14. Ne4 Nb8 15.
Qb3 Bc6 16. Bd2 Nd7 17. d4 Rb8 18. axb5 axb5 19. Ng3 exd4 20. Rxe8 Qxe8 21. Re1
Qc8 22. cxd4 Qa6 23. Bb1 g6 24. Ne5 Nxe5 25. dxe5 Qa4 1/2-1/2

[Event "5MCR_4D_1L_1S"]
[Site "?"]
[Date "2002.??.??"]
[Round "?"]
[White "Hlavac, Frantisek"]
[Black "Svoboda, Frantisek"]
[Result "1/2-1/2"]
[WhiteElo "2405"]
[BlackElo "2420"]
[PlyCount "86"]
[EventDate "2002.??.??"]
[EventType "corr"]
[SourceDate "2004.??.??"]

1. e4 e6 2. d4 d5 3. Nd2 Nf6 4. e5 Nfd7 5. f4 c5 6. c3 Nc6 7. Ngf3 a5 8. a4
cxd4 9. Nxd4 Nxd4 10. cxd4 Bb4 11. Kf2 Qh4+ 12. g3 Qe7 13. Nf3 Nb8 14. Bd3 Nc6
15. Be3 Bd7 16. Rc1 O-O 17. h4 Rfc8 18. h5 f5 19. g4 Qe8 20. gxf5 exf5 21. Qf1
Ne7 22. Qg2 Bxa4 23. Ng5 Bd7 24. Rcg1 Qf8 25. Rh3 Rc6 26. Rg3 Rac8 27. Kf1 Be8
28. Nxh7 Rc1+ 29. Bxc1 Rxc1+ 30. Kf2 Rxg1 31. Nf6+ Kf7 32. Kxg1 gxf6 33. Qh3
Qh6 34. Bxf5 Kf8 35. Bd3 Qxh5 36. Qe6 Qd1+ 37. Kh2 Qd2+ 38. Kh3 Qxf4 39. exf6
Ng6 40. Bxg6 Qh6+ 41. Kg2 Bxg6 42. Qc8+ Be8 43. Qc7 Qd2+ 1/2-1/2

[Event "5MCR_4D_1L_1S"]
[Site "?"]
[Date "2002.??.??"]
[Round "?"]
[White "Hlavac, Frantisek"]
[Black "Zpevak, Pavel"]
[Result "1/2-1/2"]
[WhiteElo "2405"]
[BlackElo "2400"]
[PlyCount "47"]
[EventDate "2002.??.??"]
[EventType "corr"]
[SourceDate "2004.??.??"]

1. e4 c5 2. Nf3 e6 3. d4 cxd4 4. Nxd4 a6 5. Nc3 Qc7 6. Bd3 Nc6 7. Be3 Nf6 8.
O-O Ne5 9. h3 Bc5 10. Kh1 d6 11. f4 Ng6 12. Qe1 O-O 13. f5 Ne5 14. Qh4 Bd7 15.
g4 Qb6 16. g5 Nh5 17. Qxh5 Bxd4 18. Bxd4 Qxd4 19. f6 Bc6 20. fxg7 Kxg7 21. Qh6+
Kg8 22. Qf6 Qe3 23. Kh2 Nd7 24. Qh6 1/2-1/2

[Event "5MCR_4D_1L_1S"]
[Site "?"]
[Date "2002.??.??"]
[Round "?"]
[White "Hostinsky, Jiri"]
[Black "Jedlicka, Ales"]
[Result "1-0"]
[WhiteElo "2430"]
[BlackElo "2270"]
[PlyCount "81"]
[EventDate "2002.??.??"]
[EventType "corr"]
[SourceDate "2004.??.??"]

1. e4 c5 2. Nf3 d6 3. d4 cxd4 4. Nxd4 Nf6 5. Nc3 a6 6. Bc4 e6 7. Bb3 b5 8. Be3
Be7 9. Qf3 Qc7 10. Qg3 O-O 11. f3 Bd7 12. O-O Nc6 13. Nxc6 Bxc6 14. Rfd1 b4 15.
Ne2 a5 16. c4 a4 17. Bc2 Bb7 18. Bd3 Nd7 19. Nd4 Ne5 20. Be2 Rfc8 21. f4 Nd7
22. f5 e5 23. Nb5 Qc6 24. Na7 Rxa7 25. Bxa7 Nc5 26. Bf3 Nxe4 27. Qe1 Qxc4 28.
Rac1 Qa6 29. Bxe4 Qxa7+ 30. Kh1 Rxc1 31. Rxc1 Qa8 32. Bxb7 Qxb7 33. f6 gxf6 34.
Qg3+ Kf8 35. Qh4 Bd8 36. Qxh7 b3 37. a3 Qb5 38. Qf5 Qe2 39. Qd7 Ba5 40. Qxa4
Bd2 41. Qc4 1-0

[Event "5MCR_4D_1L_1S"]
[Site "?"]
[Date "2002.??.??"]
[Round "?"]
[White "Hostinsky, Jiri"]
[Black "Jerabek, Zdenek"]
[Result "1-0"]
[WhiteElo "2430"]
[BlackElo "2235"]
[PlyCount "93"]
[EventDate "2002.??.??"]
[EventType "corr"]
[SourceDate "2004.??.??"]

1. e4 c5 2. Nf3 d6 3. d4 cxd4 4. Nxd4 Nf6 5. Nc3 a6 6. Bc4 e6 7. Bb3 b5 8. Be3
b4 9. Na4 Nbd7 10. f3 Bb7 11. Qd2 d5 12. exd5 Nxd5 13. O-O-O Be7 14. Nf5 O-O
15. Rhe1 Re8 16. Nxe7+ Qxe7 17. Bd4 Rac8 18. f4 Qd6 19. f5 e5 20. Bg1 Qc7 21.
g4 e4 22. h4 Bc6 23. g5 Ne5 24. Bh2 Qa5 25. Rxe4 Bxa4 26. Bxa4 Qxa4 27. Bxe5
Nb6 28. Kb1 Qc6 29. Rde1 Nc4 30. Qh2 a5 31. R4e2 Nxe5 32. Rxe5 Rxe5 33. Rxe5 a4
34. Qd2 h6 35. gxh6 gxh6 36. Re1 b3 37. cxb3 axb3 38. axb3 Kh7 39. Re7 Qh1+ 40.
Qe1 Qxe1+ 41. Rxe1 Kg7 42. Re5 Kf6 43. Ra5 Re8 44. Kc2 h5 45. b4 Re4 46. b5
Rxh4 47. Kc3 1-0

[Event "5MCR_4D_1L_1S"]
[Site "?"]
[Date "2002.??.??"]
[Round "?"]
[White "Hostinsky, Jiri"]
[Black "Kolar, Pavel"]
[Result "1-0"]
[WhiteElo "2430"]
[BlackElo "2260"]
[PlyCount "103"]
[EventDate "2002.??.??"]
[EventType "corr"]
[SourceDate "2004.??.??"]

1. e4 e6 2. d4 d5 3. Nc3 Bb4 4. e5 c5 5. a3 Bxc3+ 6. bxc3 Ne7 7. Qg4 O-O 8. Bd3
Nbc6 9. Qh5 Ng6 10. Nf3 Qc7 11. Be3 Nce7 12. h4 Bd7 13. a4 f5 14. exf6 Rxf6 15.
O-O c4 16. Bxg6 Nxg6 17. Qg5 Rf5 18. Qg4 e5 19. dxe5 Nxe5 20. Nxe5 h5 21. Qd4
Qxe5 22. a5 a6 23. Rfe1 Re8 24. Qd2 Qe6 25. Rab1 Bc6 26. Bd4 Qg6 27. Rxe8+ Qxe8
28. Re1 Qd8 29. Re6 Kf7 30. Re3 Qxh4 31. Rg3 g5 32. Rh3 Qg4 33. f3 Qf4 34. Be3
Qe5 35. Rxh5 Kg6 36. Rh3 Rf8 37. Bd4 Qf4 38. Qd1 Re8 39. g3 Qf5 40. g4 Qf4 41.
Kg2 Kf7 42. Rh7+ Ke6 43. Qe1+ Kd6 44. Qf2 Bd7 45. Rh6+ Re6 46. Bc5+ Kc6 47. Be7
d4 48. Qxd4 Qxd4 49. Rxe6+ Bxe6 50. cxd4 Kb5 51. Bxg5 Kxa5 52. Bd2+ 1-0

[Event "5MCR_4D_1L_1S"]
[Site "?"]
[Date "2002.??.??"]
[Round "?"]
[White "Hostinsky, Jiri"]
[Black "Merlicek, Jiri"]
[Result "1/2-1/2"]
[WhiteElo "2430"]
[BlackElo "2390"]
[PlyCount "34"]
[EventDate "2002.??.??"]
[EventType "corr"]
[SourceDate "2004.??.??"]

1. e4 e5 2. Nf3 Nc6 3. d4 exd4 4. Nxd4 Bc5 5. Nb3 Bb6 6. Nc3 d6 7. a4 a6 8. Nd5
Ba7 9. Qf3 Ne5 10. Qg3 Ng4 11. Qc3 Nxf2 12. Qxg7 Qh4 13. Nxc7+ Kd7 14. Nxa8
Nxh1+ 15. Kd2 Qf6 16. Qxf6 Nxf6 17. a5 Nf2 1/2-1/2

[Event "5MCR_4D_1L_1S"]
[Site "?"]
[Date "2002.??.??"]
[Round "?"]
[White "Hostinsky, Jiri"]
[Black "Rybak, Radek"]
[Result "1-0"]
[WhiteElo "2430"]
[BlackElo "2390"]
[PlyCount "39"]
[EventDate "2002.??.??"]
[EventType "corr"]
[SourceDate "2004.??.??"]

1. e4 e5 2. Nf3 Nc6 3. d4 exd4 4. Nxd4 Qf6 5. Nb5 Bc5 6. Qe2 Bb6 7. N1c3 Nge7
8. Be3 Ba5 9. O-O-O O-O 10. Nd5 Nxd5 11. exd5 a6 12. dxc6 axb5 13. cxd7 Bxd7
14. Rxd7 Qe6 15. Qxb5 c6 16. Qd3 Qxa2 17. c4 Rfd8 18. Rxd8+ Bxd8 19. Kc2 Bf6
20. Qb3 1-0

[Event "5MCR_4D_1L_1S"]
[Site "?"]
[Date "2002.??.??"]
[Round "?"]
[White "Hostinsky, Jiri"]
[Black "Straka, Zdenek"]
[Result "1/2-1/2"]
[WhiteElo "2430"]
[BlackElo "2360"]
[PlyCount "98"]
[EventDate "2002.??.??"]
[EventType "corr"]
[SourceDate "2004.??.??"]

1. e4 e5 2. Nf3 Nc6 3. d4 exd4 4. Nxd4 Nf6 5. Nxc6 bxc6 6. e5 Qe7 7. Qe2 Nd5 8.
c4 Ba6 9. g3 g6 10. b3 Bg7 11. Bb2 O-O 12. Bg2 Rae8 13. O-O Nb6 14. Re1 f6 15.
e6 Qd6 16. Ba3 c5 17. Nc3 Rxe6 18. Ne4 Qe7 19. Qd2 Re8 20. Bxc5 d6 21. Be3 Bb7
22. Nc5 dxc5 23. Bxb7 c6 24. Ba6 Nd7 25. Rad1 Nb8 26. Qa5 Bh6 27. Rd3 f5 28.
Kg2 Nxa6 29. Qxa6 f4 30. Bxc5 Qxc5 31. Rxe6 Rxe6 32. Qc8+ Kf7 33. Rd5 Qf8 34.
Rd8 Qg7 35. Rd7+ Re7 36. Qxc6 Rxd7 37. Qxd7+ Kg8 38. Qc6 Qf7 39. b4 Bf8 40. a3
f3+ 41. Kh3 h5 42. g4 Bh6 43. Qe4 Bc1 44. a4 Ba3 45. gxh5 gxh5 46. c5 a5 47.
bxa5 Bxc5 48. Kg3 Bd6+ 49. Kh4 Be7+ 1/2-1/2

[Event "5MCR_4D_1L_1S"]
[Site "?"]
[Date "2002.??.??"]
[Round "?"]
[White "Jandek, Stefan"]
[Black "Hlavac, Frantisek"]
[Result "1/2-1/2"]
[WhiteElo "2345"]
[BlackElo "2405"]
[PlyCount "72"]
[EventDate "2002.??.??"]
[EventType "corr"]
[SourceDate "2004.??.??"]

1. e4 e5 2. Nf3 Nf6 3. Nxe5 d6 4. Nf3 Nxe4 5. d4 d5 6. Bd3 Be7 7. O-O Nc6 8. c4
Nb4 9. cxd5 Nxd3 10. Qxd3 Qxd5 11. Re1 Bf5 12. Ne5 g6 13. Qf3 f6 14. Nc3 Nxc3
15. Qxc3 Rd8 16. Bf4 g5 17. Bg3 c6 18. Nc4 Be6 19. Na5 Bc8 20. Qb4 Qd7 21. Rad1
Kf8 22. Qc3 Qd5 23. Bc7 Re8 24. Nc4 Be6 25. b3 Kg7 26. Rd3 Qd7 27. Bg3 Bf7 28.
Rde3 h6 29. h3 b6 30. a3 Kh7 31. b4 Rhg8 32. R3e2 Bd8 33. Rxe8 Rxe8 34. Rc1 Re6
35. Ne3 Re4 36. Nd1 Re8 1/2-1/2

[Event "5MCR_4D_1L_1S"]
[Site "?"]
[Date "2002.??.??"]
[Round "?"]
[White "Jandek, Stefan"]
[Black "Hostinsky, Jiri"]
[Result "1/2-1/2"]
[WhiteElo "2345"]
[BlackElo "2430"]
[PlyCount "76"]
[EventDate "2002.??.??"]
[EventType "corr"]
[SourceDate "2004.??.??"]

1. e4 c5 2. Nf3 Nc6 3. d4 cxd4 4. Nxd4 Nf6 5. Nc3 d6 6. Bg5 e6 7. Qd2 a6 8.
O-O-O h6 9. Be3 Bd7 10. f3 b5 11. Nxc6 Bxc6 12. Ne2 Qc7 13. Kb1 Bb7 14. h4 Rc8
15. Rh3 h5 16. Nd4 Nd7 17. Bg5 d5 18. exd5 Bxd5 19. Rh1 Ne5 20. Bf4 Nc4 21.
Bxc4 Qxc4 22. b3 Qb4 23. Nf5 Qxd2 24. Rxd2 f6 25. Bd6 g6 26. Bxf8 Kxf8 27. Ne3
Bc6 28. Rhd1 Ke7 29. Kb2 Rhd8 30. Rxd8 Rxd8 31. Rxd8 Kxd8 32. Kc3 Kc7 33. f4 e5
34. fxe5 fxe5 35. a3 a5 36. Kd3 Kd6 37. b4 axb4 38. axb4 Ke6 1/2-1/2